The novel /

Bibliographic Details
Main Author: Michener, James A. (James Albert), 1907-1997
Format: Book
Language:English
Published: New York : Random House, 1991.
Edition:1st ed.

MARC

Tag First Indicator Second Indicator Subfields
LEADER 00000cam a22000008a 4500
001 in00000986708
005 20150927153806.0
008 900912s1991 nyu 00011 eng
010 |a  90053489  
020 |a 0679401334 :  |c $22.95 
035 |a (OCoLC)22593487 
035 |9 AEY0430AM 
040 |a DLC  |c DLC  |d UtOrBLW 
049 |a TXAM 
050 0 0 |a PS3525.I19  |b N68 1991 
082 0 0 |a 813/.54  |2 20 
100 1 |a Michener, James A.  |q (James Albert),  |d 1907-1997. 
245 1 4 |a The novel /  |c James Michener. 
250 |a 1st ed. 
264 1 |a New York :  |b Random House,  |c 1991. 
300 |a 446 pages 
336 |a text  |b txt  |2 rdacontent 
337 |a unmediated  |b n  |2 rdamedia 
338 |a volume  |b nc  |2 rdacarrier 
999 |a MARS 
999 f f |s 21ee79b1-dfc1-3c74-99fc-2c0507aec00e  |i 29aa31bb-750c-3d49-89a9-5af3f48f7685  |t 0 
952 f f |p ric  |a Texas A&M University  |b Rellis Campus  |c Joint Library Facility  |d Remote Storage  |t 0  |e PS3525.I19 N68 1991  |h Library of Congress classification  |i unmediated -- volume  |m A14814733727 
998 f f |a PS3525.I19 N68 1991  |t 0  |l Remote Storage